Ekonomické zhodnotenie vybraných rozdielov ekologického a konvenčného hospodárenia na Slovensku

Článok je založený na ekonomickom zhodnotení (celkovej nákladovosti, dotačnej podpore, ziskovosti) ekologického a konvenčného systému hospodárenia, pričom sleduje v období 2009-2012 viac ako 1050 poľnohospodárskych subjektov, z ktorých viac ako 15% tvoria ekologicky hospodáriace subjekty. Hodnoty...

Ausführliche Beschreibung

Gespeichert in:
Bibliographische Detailangaben
1. Verfasser: Kozáková, Jana
Format: Buchkapitel
Sprache:Slowakisch
Schlagworte:
Tags: Tag hinzufügen
Keine Tags, Fügen Sie das erste Tag hinzu!

MARC

LEADER 00000nla a2200000 4500
001 0206638
005 20240417075100.3
041 0 |a slo 
044 |a SK 
245 1 0 |a Ekonomické zhodnotenie vybraných rozdielov ekologického a konvenčného hospodárenia na Slovensku  |c Jana Kozáková ... [et al.] 
520 |a Článok je založený na ekonomickom zhodnotení (celkovej nákladovosti, dotačnej podpore, ziskovosti) ekologického a konvenčného systému hospodárenia, pričom sleduje v období 2009-2012 viac ako 1050 poľnohospodárskych subjektov, z ktorých viac ako 15% tvoria ekologicky hospodáriace subjekty. Hodnoty jednotlivých ukazovateľov sú vyjadrené prostredníctvom priemerov, mediánov a percentilov, pričom na overenie stanovených hypotéz je využité overovanie štatistickej významnosti rozdielov medzi oboma systémami prostredníctvom t-testu. 
610 2 0 |a poľnohospodárstvo 
610 2 0 |a poľnohospodárstvo ekologické 
610 2 0 |a náklady 
610 2 0 |a dotácie 
610 2 0 |a zisk 
610 2 0 |a rentabilita 
100 1 |a Kozáková, Jana